Classement Ligue 1 (football) 2022-2023 - Statistiques

Statistiques générales
  • Ce quiz a été pris 2 824 fois
  • Le résultat moyen est 17 sur 20
Statistiques - réponses
Classement Point Club % Correct
3 73 Olympique de Marseille
100%
1 85 PSG
100%
7 62 Olympique lyonnais
97%
2 84 Lens
95%
5 67 Lille
95%
6 65 AS Monaco
93%
4 68 Rennes
92%
16 36 Nantes
91%
9 58 Nice
90%
15 40 Strasbourg
86%
13 48 Toulouse
86%
14 44 Brest
85%
12 50 Montpellier
83%
11 51 Reims
76%
20 18 Angers
75%
10 55 Lorient
75%
8 59 Clermont
71%
17 35 Auxerre
69%
19 24 ESTAC Troyes
58%
18 26 AC Ajaccio
52%
Aucun quiz correspondant
Distribution des résultats
% des personnes avec chaque résultat
Percentile par nombre de réponses
Votre historique - résultats
Vous n’avez pas pris ce quiz